Find The Numbers That Count to 10 - Statistics

General Stats
  • This quiz has been taken 38 times
  • The average score is 10 of 10
Answer Stats
Picture Answer % Correct
2
100%
1
97%
3
97%
4
97%
8
97%
5
94%
6
94%
7
94%
9
94%
10
91%
No matching quizzes found
Score Distribution
Percent of People with Each Score
Percentile by Number Answered
Your Score History
You have not taken this quiz